Introduction to Risk Management and Insurance (Record no. 727)

MARC details
000 -LEADER
Fixed length control field 00513nam a2200181 4500
003 - CONTROL NUMBER IDENTIFIER
Control field SEACOMMC
005 - DATE AND TIME OF LATEST TRANSACTION
Control field 20250424133957.0
008 - FIXED-LENGTH DATA ELEMENTS--GENERAL INFORMATION
Fixed length control field 241104b |||||||| |||| 00| 0 eng d
020 ## - INTERNATIONAL STANDARD BOOK NUMBER / ISBN
International Standard Book Number 978-81-20339-13-2
Price Rs.395.00
040 ## - CATALOGING SOURCE
Original cataloging agency SEACOMMC
082 ## - DEWEY DECIMAL CLASSIFICATION NUMBER
Classification number 368.38
Book Number D 653
100 ## - MAIN ENTRY--PERSONAL NAME
Personal name Dorfman, Mark S
245 1# - TITLE STATEMENT
Title Introduction to Risk Management and Insurance
Statement of responsibility Mark S. Dorfman
250 ## - EDITION STATEMENT
Edition statement 8th ed.
260 ## - IMPRINT
Place of publication New Delhi
Name of publisher Prentice-Hall of India
Date of publication 2005
650 ## - SUBJECT ADDED ENTRY--TOPICAL TERM
Topical term Life Insurance Policies
942 ## - ADDED ENTRY ELEMENTS (KOHA)
Koha item type Books
Holdings
Withdrawn status Lost status Source of classification Damaged status Not for loan Home library Current library Shelving location Date acquired Total Checkouts Call number Accession number Date last seen Price effective from Koha item type
    Dewey Decimal Classification     SEACOM MANAGEMENT COLLEGE SEACOM MANAGEMENT COLLEGE Reference 13/11/2007   368.38 D 653 M-787 04/11/2024 04/11/2024 Books
© Seacom Engineering College, All rights reserved.    Powered by Koha